| 000 | 01213cam a22003375a 4500 | ||
|---|---|---|---|
| 001 | 016333290 | ||
| 003 | OSt | ||
| 005 | 20150805160514.0 | ||
| 008 | 130416t2014 maua frb 001 0 eng d | ||
| 020 | _a9780273789987 (pbk.) | ||
| 020 | _a0273789988 (pbk.) | ||
| 040 |
_aUkOxU _beng _cUkOxU _dUkOxU _dUk _dEG-ScBUE |
||
| 082 | 0 | 4 |
_a338.501515 _bPER _222 |
| 100 | 1 |
_aPerloff, Jeffrey M. _938267 |
|
| 245 | 1 | 0 |
_aMicroeconomics with calculus / _cJeffrey M. Perloff. |
| 250 | _a3rd ed., Global ed. | ||
| 260 |
_aHarlow : _bPearson Education Limited, _cc.2014. |
||
| 300 |
_a800 p. : _bill. (col.) ; _c26 cm. |
||
| 490 | 0 | _aThe Pearson series in economics | |
| 500 | _a"Authorized adaptation from the United States edition, entitled Microeconomics Theory and Applications with Calculus, Third Edition"--Title page verso. | ||
| 500 | _aPrevious edition : 2011. | ||
| 500 | _aIndex : p. 783-799. | ||
| 504 | _aBibliography : p. 768-775. | ||
| 650 | 0 |
_aMicroeconomics _vTextbooks. _2BUEsh |
|
| 650 | 0 |
_aEconomics, Mathematical _vTextbooks. _2BUEsh |
|
| 650 | 0 |
_aCalculus. _2BUEsh |
|
| 651 | _2BUEsh | ||
| 653 |
_bBUSECO _cJune2015 _cAugust2015 |
||
| 655 |
_vreading book _934232 |
||
| 942 |
_2ddc _k338.501515 PER |
||
| 999 |
_c19720 _d19692 |
||